| 000 | 00441nam a22001217a 4500 | ||
|---|---|---|---|
| 082 | _a220 PRO | ||
| 100 |
_aPC MUHAMMAD ABDULLAH NS MOAZZAM ARIF NS UMER SHAUKAT _970684 |
||
| 245 | _aPR-SOF-1854-NETWORK MONITORING FOR MALICIOUS ACTIVITY USING DEEP PACKET INSPECTION | ||
| 260 |
_aISLAMABAD _bNUST COLLEGE OF EME _c2019 |
||
| 650 |
_aDE-COMP-37 _970685 |
||
| 700 |
_a SUPERVISORS BRIG.DR SHOAB AHMED KHAN BRIG.HASAN ISLAM _970686 |
||
| 942 | _cCR | ||
| 999 |
_c577596 _d577596 |
||